| 000 | 00814nam a22002537a 4500 | ||
|---|---|---|---|
| 999 |
_c21626 _d21626 |
||
| 003 | AR-CdUCM | ||
| 008 | 201015b ||||| |||| 00| 0 spa d | ||
| 020 | _a9786124502286 | ||
| 040 |
_aMUNICIPALIDAD PROVINCIAL DEL CUSCO _cBIBLIOTECA MUNICIPAL DEL CUSCO |
||
| 082 |
_a869.56/R52 _bR52 _2tercera |
||
| 100 |
_aRibeyro, Julio Ramón _9546 |
||
| 245 |
_aCambio de guardia / _cJulio Ramón Ribeyro |
||
| 260 |
_aLima ; _bRevuelta editores, _c2017. |
||
| 300 |
_a329 páginas. : _c21 cm. |
||
| 650 |
_aRibeyro, Julio Ramón _945573 |
||
| 650 |
_aCrítica e interpretación _91144 |
||
| 650 |
_aLiteratos _9754 |
||
| 650 |
_aNovelas históricas peruanas _945574 |
||
| 650 |
_aBiografía _945571 |
||
| 650 |
_aNovelas peruanas _9545 |
||
| 650 |
_aLiteratura peruana _945572 |
||
| 942 |
_2ddc _cLIBROS |
||
| 945 | _aRoel | ||